Historia mínima de las derechas latinoamericanas /

Bibliographic Details
Main Author: Bohoslavsky, Ernesto Lázaro (Author)
Format: Electronic eBook
Language:Spanish
Published: Ciudad de México, México : El Colegio de México, 2023.
Edition:Primera edición electrónica.
Series:Historia mínima (Mexico City, Mexico)
Subjects:
Online Access:Digitalia Hispánica

MARC

LEADER 00000nam a2200000 i 4500
001 DIGCOLMX0493
003 NyNyDIG
006 m o d
007 cr |||||||||||
008 231209s2023 mx ob 000 0 spa d
035 |a (OCoLC)1381706217 
040 |a DGITA  |b eng  |e rda  |e pn  |c DGITA 
020 |a 9786075644929  |q (electrónico) 
020 |z 9786075644004  |q (vol. 13) 
043 |a cl----- 
050 1 4 |a F1410 ebook 
100 1 |a Bohoslavsky, Ernesto Lázaro,  |e author. 
245 1 0 |a Historia mínima de las derechas latinoamericanas /  |c Ernesto Bohoslavsky. 
250 |a Primera edición electrónica. 
264 1 |a Ciudad de México, México :  |b El Colegio de México,  |c 2023. 
300 |a 1 online resource. 
336 |a text  |b txt  |2 rdacontent 
337 |a computer file  |b c  |2 rdamedia 
338 |a online resource  |b cr  |2 rdacarrier 
347 |a text file  |2 rdaft 
347 |b EPUB 
490 1 |a Colección Historia mínima 
504 |a Includes bibliographical references. 
588 0 |a Online resource; title from ePub title page (Digitalia, viewed December 9, 2023) 
650 0 |a Right and left (Political science)  |z Latin America. 
651 0 |a Latin America  |x Politics and government  |x History. 
776 0 8 |i Print version:  |a Bohoslavsky, Ernesto Lázaro.  |t Historia mínima de las derechas latinoamericanas.  |b Primera edición impresa.  |d Ciudad de México, México : El Colegio de México, 2023  |z 9786075644004 
791 2 |a Digitalia (Firm),  |e distributor. 
793 0 |g Digitalia eBook Collection:  |a El Colegio de México 
830 0 |a Historia mínima (Mexico City, Mexico) 
856 4 0 |3 Digitalia Hispánica  |u https://www.digitaliapublishing.com/a/131862/ 
910 |a Premium collection: 2023